[Event "Open Portugal 2019"]
[Site "Lisboa POR"]
[Date "2019.02.03"]
[Round "2.100"]
[White "Woithe, Daniel"]
[Black "Oliveira, Fernando Alves"]
[Result "1-0"]
[WhiteElo "1921"]
[BlackElo "1575"]
[WhiteFideId "16244648"]
[BlackFideId "1947869"]
[WhiteCountry "GER"]
[BlackCountry "POR"]
[PlyCount "85"]
[EventDate "2019.02.02"]

1. e4 Nc6 2. Nf3 Nf6 3. e5 Nd5 4. d4 e6 5. Bd3 d6 6. c3 dxe5 7. dxe5 Bd7 8. O-O
Nce7 9. Nbd2 Bc6 10. Ne4 Ng6 11. g3 Be7 12. Qe2 O-O 13. h4 Re8 14. Rd1 Qc8 15.
h5 Nf8 16. Nd4 Bd7 17. Qg4 f5 18. exf6 Nxf6 19. Qe2 c5 20. Nxf6+ Bxf6 21. Nb5
Be7 22. Bf4 Bxb5 23. Bxb5 Rd8 24. Bd3 Qc6 25. Be4 Qb6 26. h6 Bf6 27. hxg7 Kxg7
28. Qh5 Kg8 29. Rab1 Rxd1+ 30. Qxd1 Rd8 31. Qf3 e5 32. Be3 Qd6 33. Bxb7 Rd7 34.
Be4 Bg7 35. Kg2 Ng6 36. Rh1 Nf8 37. Qh5 Bf6 38. Qe2 Qe7 39. Qc4+ Qe6 40. Qxc5
Be7 41. Qb5 a6 42. Qe2 Ng6 43. c4 1-0

[Event "Open Portugal 2019"]
[Site "Lisboa POR"]
[Date "2019.02.03"]
[Round "2.101"]
[White "Amaral, Fernando"]
[Black "Casagrande, Federico"]
[Result "0-1"]
[WhiteElo "1528"]
[BlackElo "1911"]
[WhiteFideId "1931288"]
[BlackFideId "2827137"]
[WhiteCountry "POR"]
[BlackCountry "ITA"]
[PlyCount "40"]
[EventDate "2019.02.02"]

1. d4 Nf6 2. Bf4 d6 3. e3 Nbd7 4. Nf3 g6 5. c3 Bg7 6. Nbd2 O-O 7. Bd3 Re8 8. Bg5
c6 9. a4 Qc7 10. h4 e5 11. Qc2 h6 12. Bxf6 Nxf6 13. h5 Nxh5 14. Nh4 exd4 15.
cxd4 Nf4 16. Bxg6 Nxg6 17. Nxg6 fxg6 18. Qxg6 Re6 19. Qg3 Qf7 20. Nf3 Rg6 0-1

[Event "Open Portugal 2019"]
[Site "Lisboa POR"]
[Date "2019.02.03"]
[Round "2.102"]
[White "Marques, Ricardo T T"]
[Black "Gaudin, Bruno"]
[Result "1-0"]
[WhiteElo "1911"]
[BlackElo "1558"]
[WhiteFideId "1949438"]
[BlackFideId "647861"]
[WhiteCountry "POR"]
[BlackCountry "FRA"]
[PlyCount "87"]
[EventDate "2019.02.02"]

1. e4 d6 2. d4 Nf6 3. Nc3 Nbd7 4. Nf3 e5 5. Bc4 h6 6. O-O Be7 7. Re1 c6 8. a4 a5
9. h3 Qc7 10. Be3 g5 11. Nd2 Nf8 12. dxe5 dxe5 13. Bf1 Be6 14. Nc4 Bxc4 15. Bxc4
Ng6 16. g3 Kf8 17. Qf3 Kg7 18. Rad1 Rad8 19. Rd3 Rxd3 20. cxd3 Rf8 21. Qf5 Qd7
22. Bb6 Bd8 23. Bc5 Be7 24. Bxe7 Nxe7 25. Qxe5 Qxh3 26. Qxe7 Ng4 27. Qc5 b6 28.
Qf5 h5 29. Qxg5+ Kh8 30. Qh4 Qxh4 31. gxh4 Ne5 32. Re3 Ng6 33. Rf3 Ne5 34. Rf5
f6 35. Rxh5+ Kg7 36. f4 Kg6 37. Rxe5 fxe5 38. fxe5 Rf3 39. Kg2 Rf8 40. Ne2 Kh5
41. Kh3 Rf2 42. Ng3+ Kh6 43. Nf5+ Kg6 44. e6 1-0

[Event "Open Portugal 2019"]
[Site "Lisboa POR"]
[Date "2019.02.03"]
[Round "2.103"]
[White "Morais, Vítor"]
[Black "Marques, Gilles"]
[Result "1-0"]
[WhiteElo "1898"]
[BlackElo "1545"]
[WhiteFideId "1900552"]
[BlackFideId "665517"]
[WhiteTitle "NM"]
[WhiteCountry "POR"]
[BlackCountry "FRA"]
[PlyCount "59"]
[EventDate "2019.02.02"]

1. Nf3 Nf6 2. g3 d5 3. Bg2 c5 4. O-O Nc6 5. d3 e6 6. Nbd2 Be7 7. c4 d4 8. a3 O-O
9. Rb1 a5 10. b3 h6 11. Ne1 Bd7 12. e3 e5 13. h3 Qc8 14. Kh2 Bf5 15. e4 Be6 16.
f4 g6 17. Ndf3 exf4 18. gxf4 Kg7 19. Rg1 Nh5 20. Bf1 Bd8 21. Ne5 Kh7 22. Nxc6
bxc6 23. Qf3 Qc7 24. Kh1 Bh4 25. Bd2 Rab8 26. Nc2 Rg8 27. Be2 Qd7 28. f5 Ng3+
29. Rxg3 Bxg3 30. fxe6 1-0

[Event "Open Portugal 2019"]
[Site "Lisboa POR"]
[Date "2019.02.03"]
[Round "2.105"]
[White "Mabille, Natacha"]
[Black "Antunes, André"]
[Result "1-0"]
[WhiteElo "1896"]
[BlackElo "1518"]
[WhiteFideId "218677"]
[BlackFideId "1936328"]
[WhiteCountry "BEL"]
[BlackCountry "POR"]
[PlyCount "47"]
[EventDate "2019.02.02"]

1. e4 c5 2. c3 Nc6 3. d4 e6 4. Nf3 Nf6 5. e5 Nd5 6. Nbd2 cxd4 7. cxd4 d6 8. Nc4
dxe5 9. dxe5 Be7 10. Be2 O-O 11. O-O f6 12. Bd3 Qc7 13. Re1 Rd8 14. Qe2 fxe5 15.
Nfxe5 Nxe5 16. Nxe5 Nf6 17. Bf4 Bb4 18. Red1 Qe7 19. Bg5 Qf8 20. Rac1 Bc5 21.
Rxc5 Qxc5 22. Bxh7+ Kxh7 23. Rxd8 Qe7 24. Qd3+ 1-0

[Event "Open Portugal 2019"]
[Site "Lisboa POR"]
[Date "2019.02.03"]
[Round "2.106"]
[White "Dong, Fábio"]
[Black "Damasceno, Jorge"]
[Result "0-1"]
[WhiteElo "1491"]
[BlackElo "1890"]
[WhiteFideId "1958020"]
[BlackFideId "1900960"]
[WhiteCountry "POR"]
[BlackCountry "POR"]
[PlyCount "100"]
[EventDate "2019.02.02"]

1. c4 e6 2. Nc3 d5 3. d4 Be7 4. cxd5 exd5 5. Nf3 Nf6 6. Bf4 c6 7. e3 O-O 8. h3
Bf5 9. Be2 Ne4 10. Nxe4 Bxe4 11. O-O Nd7 12. Ne5 h6 13. Qb3 Nxe5 14. Bxe5 Qb6
15. Qxb6 axb6 16. a3 b5 17. Rac1 b4 18. axb4 Bxb4 19. Ra1 Rfc8 20. Bg4 f5 21.
Be2 Bc2 22. Rfc1 Bb3 23. Bd3 g6 24. Be2 Bd2 25. Rf1 b5 26. Bd6 Bc4 27. Bxc4 dxc4
28. Rfd1 c3 29. bxc3 Bxc3 30. Rac1 b4 31. Rb1 Ra4 32. Rb3 Rca8 33. Rdb1 Ra1 34.
Rxa1 Rxa1+ 35. Kh2 Ra7 36. Bc5 Rb7 37. Bd6 Kf7 38. Bf4 g5 39. Bd6 Ke6 40. Bf8 h5
41. f3 Kd5 42. g4 hxg4 43. fxg4 fxg4 44. hxg4 Kc4 45. Rb1 b3 46. Ba3 b2 47. Kg2
Kb3 48. Bxb2 Bxb2 49. e4 Kc2 50. Re1 Bxd4 0-1

[Event "Open Portugal 2019"]
[Site "Lisboa POR"]
[Date "2019.02.03"]
[Round "2.107"]
[White "Marques, Rui"]
[Black "Funk, Matthias"]
[Result "1/2-1/2"]
[WhiteElo "1890"]
[BlackElo "1492"]
[WhiteFideId "1903390"]
[BlackFideId "1901990"]
[WhiteCountry "POR"]
[BlackCountry "POR"]
[PlyCount "43"]
[EventDate "2019.02.02"]

1. e4 e6 2. d4 d5 3. e5 c5 4. c3 Nc6 5. Nf3 Qb6 6. a3 Be7 7. b4 c4 8. Be2 a5 9.
bxa5 Nxa5 10. Nbd2 Bd7 11. Rb1 Qc7 12. O-O b6 13. Qe1 Ba4 14. Bd1 Nc6 15. Ra1 b5
16. Bb2 f6 17. exf6 Nxf6 18. Qxe6 Qd6 19. Qxd6 Bxd6 20. Re1+ Kd8 21. Ne5 Kc7 22.
Bxa4 1/2-1/2

[Event "Open Portugal 2019"]
[Site "Lisboa POR"]
[Date "2019.02.03"]
[Round "2.108"]
[White "Florissi, Aldo"]
[Black "Nikula, Mikko"]
[Result "1/2-1/2"]
[WhiteElo "1468"]
[BlackElo "1889"]
[WhiteFideId "28513428"]
[BlackFideId "505277"]
[WhiteCountry "ITA"]
[BlackCountry "FIN"]
[PlyCount "47"]
[EventDate "2019.02.02"]

1. e4 e5 2. d4 exd4 3. c3 Qe7 4. cxd4 Qxe4+ 5. Be3 Bb4+ 6. Nc3 d5 7. h3 Nf6 8.
Nf3 O-O 9. Bd3 Qe7 10. O-O c6 11. Re1 Qd8 12. Bg5 Be7 13. Qc2 h6 14. Bh4 Be6 15.
Re2 Nbd7 16. Rae1 Re8 17. a3 Nf8 18. Nh2 N6h7 19. Bxe7 Qxe7 20. Nf3 Qd6 21. Ne5
f6 22. Ng6 Bf7 23. Ne7+ Kh8 24. Nf5 1/2-1/2

[Event "Open Portugal 2019"]
[Site "Lisboa POR"]
[Date "2019.02.03"]
[Round "2.109"]
[White "Simões, Miguel"]
[Black "Correia, Pedro Mourão"]
[Result "1-0"]
[WhiteElo "1881"]
[BlackElo "1480"]
[WhiteFideId "1946307"]
[BlackFideId "1959522"]
[WhiteCountry "POR"]
[BlackCountry "POR"]
[PlyCount "65"]
[EventDate "2019.02.02"]

1. e4 d5 2. exd5 Nf6 3. d4 Nxd5 4. c4 Nb4 5. a3 N4c6 6. d5 Ne5 7. Qe2 Ng6 8. Nc3
e6 9. Nf3 Be7 10. Be3 O-O 11. O-O-O Bd6 12. dxe6 Qe7 13. exf7+ Qxf7 14. Ng5 Qe8
15. Nge4 Be5 16. g3 Bf5 17. Bg2 Nc6 18. Bc5 Rf7 19. Ng5 Nf4 20. Qf3 Nxg2 21.
Qxg2 Bxc3 22. bxc3 Qe2 23. Rd2 Qxc4 24. Qd5 Qxc3+ 25. Kd1 Ne5 26. Nxf7 Nxf7 27.
Qxf5 Qa1+ 28. Kc2 Qxh1 29. Rd7 Nd6 30. Bxd6 Qc6+ 31. Kb2 Kh8 32. Qe5 cxd6 33.
Qxg7# 1-0

[Event "Open Portugal 2019"]
[Site "Lisboa POR"]
[Date "2019.02.03"]
[Round "2.110"]
[White "Palhas, Miguel Brando"]
[Black "Morejko, Wojciech"]
[Result "0-1"]
[WhiteElo "1416"]
[BlackElo "1879"]
[WhiteFideId "1961349"]
[BlackFideId "16247582"]
[WhiteCountry "POR"]
[BlackCountry "GER"]
[PlyCount "130"]
[EventDate "2019.02.02"]

1. e4 c5 2. Nf3 d6 3. d4 cxd4 4. Nxd4 Nf6 5. Nc3 g6 6. Be3 Bg7 7. Be2 Nc6 8. Qd2
O-O 9. f3 Bd7 10. O-O-O Rc8 11. Kb1 Nxd4 12. Bxd4 a6 13. h4 b5 14. g4 Be6 15.
Rdg1 Qa5 16. Qe3 Rxc3 17. Bxc3 Qxa2+ 18. Kc1 b4 19. Bxb4 Rc8 20. Qa3 Qxa3 21.
Bxa3 Bb3 22. Bd3 Nd7 23. Kb1 Bc4 24. Bxc4 Rxc4 25. Rd1 Ne5 26. b3 Rc6 27. Rhf1
Rb6 28. Bb2 Nc4 29. Bxg7 Kxg7 30. Rd3 Ne5 31. Rc3 f6 32. Rc7 Kf7 33. g5 a5 34.
f4 Ng4 35. Ka2 Ne3 36. Rf3 Ng4 37. Rfc3 Nf2 38. Rf3 Ng4 39. c3 Ra6 40. Rc4 Ra7
41. Rd4 h5 42. f5 fxg5 43. hxg5 Ne5 44. Rh3 Rc7 45. Ka3 Rb7 46. Rd5 Nc6 47. f6
Ra7 48. fxe7 Kxe7 49. Rf3 Ne5 50. Rf6 h4 51. Rdxd6 Nf7 52. Rde6+ Kf8 53. Rf1 Kg7
54. Rh1 Nxg5 55. Re5 Nf3 56. Rd5 g5 57. Rh3 g4 58. Rxf3 gxf3 59. Rf5 Rf7 60.
Rg5+ Kh6 61. Rxa5 f2 62. Ra6+ Kh5 63. e5 f1=Q 64. Ra5 Re7 65. e6+ Kg4 0-1

[Event "Open Portugal 2019"]
[Site "Lisboa POR"]
[Date "2019.02.03"]
[Round "2.111"]
[White "Serafim Junior, Arnor"]
[Black "Voges, Guilherme"]
[Result "1-0"]
[WhiteElo "1876"]
[BlackElo "1455"]
[WhiteFideId "2130750"]
[BlackFideId "1947680"]
[WhiteCountry "BRA"]
[BlackCountry "POR"]
[PlyCount "95"]
[EventDate "2019.02.02"]

1. c4 e5 2. Nc3 Nf6 3. g3 g6 4. Bg2 Bg7 5. Nf3 d6 6. O-O c6 7. d3 Be6 8. Rb1 d5
9. Nxe5 Qc7 10. cxd5 Nxd5 11. Nxd5 cxd5 12. Nf3 d4 13. Ng5 Bd7 14. Bf4 Qb6 15.
Ne4 O-O 16. Qd2 Nc6 17. Rfc1 Rfd8 18. Bg5 Re8 19. Qf4 Bf5 20. Qd2 Rab8 21. Nd6
Re6 22. Nxf5 gxf5 23. Bd5 Rg6 24. a3 Re8 25. Rc2 Qb5 26. Ba2 f4 27. Bxf4 Qh5 28.
e4 Qh3 29. Bd5 Rh6 30. f3 Ne5 31. Bxe5 Bxe5 32. f4 Bf6 33. Rc7 Rf8 34. Rbc1 Qg4
35. e5 Bd8 36. Rxb7 Rg6 37. Qg2 h5 38. Bf3 Qe6 39. Bxh5 Rg7 40. Bf3 Qh6 41. Rc8
Qg6 42. Be4 Qg4 43. Rbb8 Qd7 44. Bc6 Qe7 45. Kf2 Rh7 46. Kg1 Rh8 47. Qd5 Kg7 48.
Rb7 1-0

[Event "Open Portugal 2019"]
[Site "Lisboa POR"]
[Date "2019.02.03"]
[Round "2.112"]
[White "Yushko, Igor"]
[Black "Castanheira, António"]
[Result "1/2-1/2"]
[WhiteElo "1389"]
[BlackElo "1875"]
[WhiteFideId "14156270"]
[BlackFideId "1901788"]
[WhiteCountry "UKR"]
[BlackCountry "POR"]
[PlyCount "153"]
[EventDate "2019.02.02"]

1. e4 c5 2. Nf3 d6 3. d4 cxd4 4. Nxd4 Nf6 5. Nc3 a6 6. Be3 e6 7. Bc4 Qc7 8. Bb3
Be7 9. O-O O-O 10. Qf3 Nc6 11. Nxc6 bxc6 12. Qg3 Kh8 13. e5 dxe5 14. Rfe1 Bb7
15. Bd4 Bd6 16. Bxe5 Bxe5 17. Qxe5 Qxe5 18. Rxe5 Rad8 19. Ree1 Rd4 20. f3 Rfd8
21. Na4 R8d6 22. Nc5 Bc8 23. c3 Rd2 24. Red1 Kg8 25. Rxd2 Rxd2 26. Rd1 Rxd1+ 27.
Bxd1 Nd7 28. Ne4 a5 29. Nd6 Ba6 30. Ba4 Nb8 31. Ne4 Bb5 32. Bxb5 cxb5 33. a3 Nc6
34. b4 axb4 35. axb4 Kf8 36. Kf2 Ke7 37. Ke3 f5 38. Nd2 e5 39. Nb3 g5 40. h3 Kd6
41. g4 f4+ 42. Ke4 Ne7 43. Nc5 Nd5 44. Nb7+ Ke6 45. Nd8+ Kd6 46. Nf7+ Ke6 47.
Nxg5+ Kd6 48. Nf7+ Ke6 49. Nxe5 Nxc3+ 50. Kxf4 Nd5+ 51. Ke4 Nxb4 52. f4 Nc2 53.
Kd3 Ne1+ 54. Kc3 Ng2 55. Nd3 Kd6 56. Kb4 Kc6 57. f5 h6 58. Ne5+ Kd5 59. Nf7 Nf4
60. h4 h5 61. g5 Ke4 62. Nh6 Ke5 63. Kxb5 Ng2 64. g6 Kf6 65. Kc5 Nxh4 66. Kd5
Nxf5 67. Nxf5 Kxg6 68. Ng3 h4 69. Nh1 Kf5 70. Kd4 Kf4 71. Nf2 Kf3 72. Nh3 Kg4
73. Ng1 Kg3 74. Ke3 Kg2 75. Nf3 h3 76. Ke2 h2 77. Nxh2 1/2-1/2

[Event "Open Portugal 2019"]
[Site "Lisboa POR"]
[Date "2019.02.03"]
[Round "2.113"]
[White "Hansen, Verner"]
[Black "Machado, Carlos Augusto"]
[Result "1-0"]
[WhiteElo "1874"]
[BlackElo "1412"]
[WhiteFideId "1425285"]
[BlackFideId "1961039"]
[WhiteCountry "DEN"]
[BlackCountry "POR"]
[PlyCount "55"]
[EventDate "2019.02.02"]

1. e4 c6 2. d4 d5 3. exd5 cxd5 4. Nf3 Nf6 5. Bg5 e6 6. Bd3 Be7 7. O-O h6 8. Bd2
b6 9. Qe2 O-O 10. Re1 Nc6 11. c3 Bb7 12. h3 Rc8 13. Bf4 Bd6 14. Ne5 Bxe5 15.
dxe5 Nd7 16. Nd2 Nc5 17. Nf3 Nxd3 18. Qxd3 Nb8 19. Nd4 Ba6 20. Qg3 g5 21. h4 Kh7
22. hxg5 Rg8 23. Qh3 Rg6 24. Re3 Qe7 25. Rg3 Rcg8 26. Nf3 Bd3 27. Nh4 Bf5 28.
Nxg6 1-0

[Event "Open Portugal 2019"]
[Site "Lisboa POR"]
[Date "2019.02.03"]
[Round "2.114"]
[White "Dong, Rafael"]
[Black "Quintino, Luís"]
[Result "1/2-1/2"]
[WhiteElo "1363"]
[BlackElo "1868"]
[WhiteFideId "1958038"]
[BlackFideId "1904086"]
[WhiteCountry "POR"]
[BlackCountry "POR"]
[PlyCount "101"]
[EventDate "2019.02.02"]

1. c4 c6 2. Nc3 d5 3. cxd5 cxd5 4. d4 Nc6 5. Bf4 a6 6. e3 Nf6 7. Nf3 Bf5 8. a3
e6 9. Bd3 Bxd3 10. Qxd3 Rc8 11. h3 Na5 12. Nd2 Nc4 13. Nxc4 dxc4 14. Qc2 b5 15.
O-O Nd5 16. Nxd5 Qxd5 17. Rfc1 Be7 18. Qc3 O-O 19. f3 Rfd8 20. Rd1 Qb7 21. Qd2
Bf6 22. Qf2 Qb6 23. Qg3 a5 24. Be5 Bxe5 25. Qxe5 Rd5 26. Qe4 b4 27. axb4 axb4
28. Kf1 Qb5 29. Kf2 g6 30. Qc2 Rd6 31. Qa4 Rb6 32. Qxb5 Rxb5 33. Rdc1 c3 34.
bxc3 bxc3 35. Rc2 Rb2 36. Rac1 Ra8 37. Rxb2 cxb2 38. Rb1 Rb8 39. Ke2 f5 40. Kd2
Rb3 41. e4 fxe4 42. fxe4 Rg3 43. Rxb2 Rxg2+ 44. Kc3 Rxb2 45. Kxb2 g5 46. Kc3 h5
47. Kd3 Kf7 48. Ke3 Ke7 49. d5 Kd6 50. Kd4 exd5 51. exd5 1/2-1/2

[Event "Open Portugal 2019"]
[Site "Lisboa POR"]
[Date "2019.02.03"]
[Round "2.115"]
[White "Marques, Pedro Godinho"]
[Black "Alonso Rodríguez, Tristán"]
[Result "1-0"]
[WhiteElo "1848"]
[BlackElo "1370"]
[WhiteFideId "1928414"]
[BlackFideId "24594520"]
[WhiteCountry "POR"]
[BlackCountry "ESP"]
[PlyCount "45"]
[EventDate "2019.02.02"]

1. d4 Nf6 2. Bf4 g6 3. Nf3 Bg7 4. e3 d6 5. h3 b6 6. Bd3 Bb7 7. Nbd2 Nbd7 8. O-O
O-O 9. e4 Re8 10. e5 Nd5 11. Bh2 dxe5 12. Nxe5 e6 13. Be4 Nxe5 14. Bxe5 Bxe5 15.
dxe5 Bc6 16. Qf3 Qd7 17. Rfd1 Ne7 18. Bxc6 Qxc6 19. Ne4 Kg7 20. Qf6+ Kg8 21. Ng5
Nf5 22. Qxf7+ Kh8 23. Qxh7# 1-0

[Event "Open Portugal 2019"]
[Site "Lisboa POR"]
[Date "2019.02.03"]
[Round "2.116"]
[White "Paragliola, Gennaro"]
[Black "Gonçalves, Gabriel"]
[Result "0-1"]
[WhiteElo "1350"]
[BlackElo "1845"]
[WhiteFideId "804207"]
[BlackFideId "1945610"]
[WhiteCountry "ITA"]
[BlackCountry "POR"]
[PlyCount "54"]
[EventDate "2019.02.02"]

1. d4 f5 2. c4 Nf6 3. Nc3 e6 4. Nf3 Bb4 5. Bd2 O-O 6. e3 b6 7. Be2 Bb7 8. O-O h6
9. Ne5 Bxc3 10. Bxc3 Kh7 11. Bf3 Ne4 12. Bh5 Rf6 13. f4 d6 14. Nd3 Rf8 15. Bf3
Nd7 16. Qc2 g5 17. Nf2 d5 18. cxd5 exd5 19. Nxe4 dxe4 20. Be2 Bd5 21. b3 g4 22.
g3 Nf6 23. Rac1 Rf7 24. Bb2 c6 25. Bc4 Rc7 26. Ba3 Kg7 27. Bd6 Qxd6 0-1

[Event "Open Portugal 2019"]
[Site "Lisboa POR"]
[Date "2019.02.03"]
[Round "2.117"]
[White "Gomes, José Luis"]
[Black "Martins, Domingos"]
[Result "1-0"]
[WhiteElo "1844"]
[BlackElo "1360"]
[WhiteFideId "1901710"]
[BlackFideId "1947389"]
[WhiteCountry "POR"]
[BlackCountry "POR"]
[PlyCount "105"]
[EventDate "2019.02.02"]

1. e4 c5 2. Nc3 Nc6 3. g3 e6 4. Bg2 Nf6 5. d3 Qc7 6. f4 d6 7. Nf3 Nd4 8. Be3 a6
9. Nxd4 cxd4 10. Bxd4 e5 11. fxe5 dxe5 12. Bf2 Bb4 13. Kd2 Ng4 14. Qf3 Bxc3+ 15.
bxc3 Nxf2 16. Qxf2 Be6 17. Rhb1 Rc8 18. c4 b5 19. a4 bxc4 20. Qb6 O-O 21. Qxc7
Rxc7 22. Bf1 Rd8 23. a5 cxd3 24. Bxd3 Bc4 25. Rb6 Ra7 26. Rab1 Bb5 27. Ke3 Bxd3
28. cxd3 g6 29. Rc6 Kg7 30. Rbb6 Rad7 31. Rb3 Ra8 32. g4 h6 33. h4 f6 34. Ke2
Rf7 35. Rbb6 g5 36. h5 Kf8 37. Rxa6 Rb8 38. Rxf6 Rb2+ 39. Ke3 Kg7 40. Rxf7+ Kxf7
41. Rxh6 Ra2 42. a6 Kg7 43. Rg6+ Kf7 44. Rxg5 Rxa6 45. Rxe5 Kg7 46. g5 Ra1 47.
Re7+ Kf8 48. Rb7 Rf1 49. h6 Kg8 50. g6 Rf8 51. h7+ Kh8 52. g7+ Kxh7 53. gxf8=Q+
1-0

[Event "Open Portugal 2019"]
[Site "Lisboa POR"]
[Date "2019.02.03"]
[Round "2.118"]
[White "McDonald, Margaret"]
[Black "Hestvik, Elias"]
[Result "0-1"]
[WhiteElo "1298"]
[BlackElo "1825"]
[WhiteFideId "420417"]
[BlackFideId "1534904"]
[WhiteCountry "FRA"]
[BlackCountry "NOR"]
[PlyCount "62"]
[EventDate "2019.02.02"]

1. e4 c6 2. Nf3 d5 3. exd5 cxd5 4. Ne5 Nf6 5. d4 Nc6 6. Bb5 Bd7 7. Nxd7 Qxd7 8.
O-O e6 9. c3 Bd6 10. Nd2 a6 11. Ba4 b5 12. Bb3 O-O 13. Nf3 Na5 14. Bc2 Nc4 15.
Re1 b4 16. Ne5 Qc7 17. f4 bxc3 18. b3 Na3 19. Bd3 Rfc8 20. Bxa3 Bxa3 21. Bc2 Qa5
22. Rb1 Ne4 23. Nf3 Qc7 24. g3 Nd2 25. Nxd2 cxd2 26. Bxh7+ Kxh7 27. Qh5+ Kg8 28.
Red1 Qc2 29. Qe2 Qxb1 30. Qxd2 Qxd1+ 31. Qxd1 Rc1 0-1

[Event "Open Portugal 2019"]
[Site "Lisboa POR"]
[Date "2019.02.03"]
[Round "2.119"]
[White "Santos, Isabel P"]
[Black "Fonseca, René Gil"]
[Result "1-0"]
[WhiteElo "1825"]
[BlackElo "1343"]
[WhiteFideId "1921681"]
[BlackFideId "1957767"]
[WhiteCountry "POR"]
[BlackCountry "POR"]
[PlyCount "43"]
[EventDate "2019.02.02"]

1. d4 Nf6 2. c4 e5 3. dxe5 Ng4 4. e3 Nxe5 5. f4 Nec6 6. Nf3 Bc5 7. Bd3 Nb4 8. a3
Nxd3+ 9. Qxd3 d6 10. O-O Qe7 11. Nc3 a6 12. Kh1 O-O 13. b4 Bb6 14. e4 Rd8 15.
Bb2 Bg4 16. Rae1 Bxf3 17. Rxf3 a5 18. Ref1 axb4 19. axb4 Na6 20. Na4 Nxb4 21.
Qc3 Rxa4 22. Qxg7# 1-0

[Event "Open Portugal 2019"]
[Site "Lisboa POR"]
[Date "2019.02.03"]
[Round "2.120"]
[White "Martinho, Alberto"]
[Black "Selva Salvador, Antonio"]
[Result "0-1"]
[WhiteElo "1237"]
[BlackElo "1825"]
[WhiteFideId "1948784"]
[BlackFideId "2223821"]
[WhiteCountry "POR"]
[BlackCountry "ESP"]
[PlyCount "68"]
[EventDate "2019.02.02"]

1. e4 e5 2. Nf3 f5 3. Nc3 Nf6 4. d3 d6 5. Be2 Nc6 6. O-O Be7 7. a3 O-O 8. b4 a5
9. b5 Nd4 10. Bb2 Nxe2+ 11. Qxe2 fxe4 12. Nxe4 Bg4 13. h3 Bh5 14. Neg5 Qd7 15.
g4 Nxg4 16. Qe4 Nf6 17. Qc4+ d5 18. Qh4 h6 19. Nxe5 Qf5 20. f4 Be8 21. Kh2 Nh7
22. Nef3 hxg5 23. Nxg5 Nxg5 24. Qg3 Ne6 25. Rae1 Bf6 26. Bxf6 Qxf6 27. Rg1 Bd7
28. f5 Nd4 29. c3 Nxf5 30. Qxc7 Qd6+ 31. Qxd6 Nxd6 32. Re7 Rf7 33. Rge1 Re8 34.
Rxe8+ Nxe8 0-1

[Event "Open Portugal 2019"]
[Site "Lisboa POR"]
[Date "2019.02.03"]
[Round "2.121"]
[White "Aguiar, Carlos"]
[Black "Maissa, Susana"]
[Result "1-0"]
[WhiteElo "1822"]
[BlackElo "1293"]
[WhiteFideId "1902571"]
[BlackFideId "1954202"]
[WhiteCountry "POR"]
[BlackCountry "POR"]
[PlyCount "55"]
[EventDate "2019.02.02"]

1. e4 c5 2. Nf3 Nc6 3. d4 cxd4 4. Nxd4 g6 5. Nc3 Bg7 6. Be3 Nf6 7. Bc4 O-O 8.
Qd2 Nxe4 9. Nxe4 d5 10. Nxc6 bxc6 11. O-O-O dxc4 12. Qxd8 Rxd8 13. Rxd8+ Bf8 14.
Bh6 Bb7 15. Rxf8+ Rxf8 16. Bxf8 Kxf8 17. Nc5 Bc8 18. c3 Bf5 19. Kd2 Kg7 20. f4
Kf6 21. Ke3 e5 22. Rd1 exf4+ 23. Kxf4 Ke7 24. g4 Bc8 25. Rd4 f5 26. g5 Kf7 27.
Ke5 Kg7 28. Rd8 1-0

[Event "Open Portugal 2019"]
[Site "Lisboa POR"]
[Date "2019.02.03"]
[Round "2.122"]
[White "Anfinsen, Marius"]
[Black "Elias, Benjamim"]
[Result "0-1"]
[WhiteElo "1113"]
[BlackElo "1819"]
[WhiteFideId "1546414"]
[BlackFideId "1903578"]
[WhiteCountry "NOR"]
[BlackCountry "POR"]
[PlyCount "152"]
[EventDate "2019.02.02"]

1. e4 Nc6 2. Nf3 d6 3. d4 Bg4 4. d5 Nb8 5. Nc3 c6 6. Bf4 Nd7 7. h3 Bh5 8. g4 Bg6
9. Nh4 Qb6 10. Rb1 Ngf6 11. Nxg6 hxg6 12. Bd3 cxd5 13. exd5 Qb4 14. Bd2 a6 15.
a3 Qb6 16. Qe2 Ne5 17. f3 Rc8 18. g5 Ng8 19. Ne4 f5 20. gxf6 gxf6 21. f4 Nxd3+
22. Qxd3 Qb5 23. Qxb5+ axb5 24. c3 Nh6 25. O-O Nf5 26. Rf3 Kf7 27. Nf2 Rc5 28.
Rd3 Bh6 29. Ng4 Bf8 30. Ra1 Rh4 31. b4 Rc7 32. a4 bxa4 33. Rxa4 Bg7 34. Ra1 Rh8
35. Rc1 Rhc8 36. Ne3 Nxe3 37. Bxe3 Rc4 38. Kf1 Ra8 39. Rd4 Rc7 40. c4 Ra3 41.
Ke2 f5 42. Rd3 Ra2+ 43. Rd2 Ra4 44. c5 Rxb4 45. c6 bxc6 46. dxc6 Bf6 47. Ra2
Rb2+ 48. Rxb2 Bxb2 49. Rc2 Bf6 50. Bb6 Rc8 51. c7 Ke6 52. Ra2 Kd7 53. Ra7 e5 54.
fxe5 Bxe5 55. Rb7 d5 56. Kd3 Bxc7 57. Kd4 Kc6 58. Rxc7+ Rxc7 59. Bxc7 Kxc7 60.
Kxd5 Kd7 61. Ke5 Ke7 62. Kf4 Ke6 63. h4 Kf6 64. Ke3 Ke5 65. Kf3 f4 66. Kf2 Ke4
67. Ke2 f3+ 68. Ke1 Kf4 69. Kf2 Kg4 70. h5 gxh5 71. Kg1 Kf4 72. Kf2 h4 73. Kg1
Ke3 74. Kf1 f2 75. Kg2 Ke2 76. Kh2 h3 0-1

[Event "Open Portugal 2019"]
[Site "Lisboa POR"]
[Date "2019.02.03"]
[Round "2.123"]
[White "Chingüün, Bayaraa"]
[Black "Gama, João Tiago"]
[Result "1-0"]
[WhiteElo "1817"]
[BlackElo "1273"]
[WhiteFideId "2076608"]
[BlackFideId "1961160"]
[WhiteTitle "CM"]
[WhiteCountry "MGL"]
[BlackCountry "POR"]
[PlyCount "59"]
[EventDate "2019.02.02"]

1. d4 d5 2. c4 e6 3. Nc3 Nf6 4. Bg5 Be7 5. e3 h6 6. Bh4 O-O 7. Nf3 Nc6 8. h3 b6
9. cxd5 Nxd5 10. Bg3 Bb4 11. Rc1 Nxc3 12. bxc3 Ba3 13. Rb1 Bd6 14. Bxd6 cxd6 15.
Bd3 e5 16. O-O f6 17. e4 Ne7 18. Qe2 exd4 19. cxd4 d5 20. e5 Nf5 21. Rbc1 Re8
22. Qc2 g6 23. g4 Nxd4 24. Nxd4 fxe5 25. Bxg6 Bxg4 26. Bxe8 Qxe8 27. hxg4 Qd7
28. Qg6+ Kf8 29. Ne6+ Ke7 30. Rc7 1-0

[Event "Open Portugal 2019"]
[Site "Lisboa POR"]
[Date "2019.02.03"]
[Round "2.126"]
[White "Iasman, Inna"]
[Black "Bártolo, Diogo"]
[Result "1-0"]
[WhiteElo "1802"]
[BlackElo "1226"]
[WhiteFideId "24125563"]
[BlackFideId "1946757"]
[WhiteCountry "FRA"]
[BlackCountry "POR"]
[PlyCount "41"]
[EventDate "2019.02.02"]

1. d4 Nf6 2. c4 c5 3. d5 d6 4. Nc3 g6 5. e4 Bg7 6. Be2 e6 7. Nf3 exd5 8. exd5
O-O 9. O-O a6 10. Bf4 Nh5 11. Bg5 Nf6 12. Qd2 Bf5 13. h3 Re8 14. Rfe1 Qd7 15.
Nh4 Ne4 16. Nxe4 Rxe4 17. Nxf5 Qxf5 18. Bg4 Rxg4 19. Re8+ Bf8 20. hxg4 Qd7 21.
Rae1 1-0